Movies Quiz

Random Movies or Star Wars Quiz
Score 0/50 Timer 10:00
1 Play Today
Lines Character % Correct
840Anakin Skywalker/Darth Vader
98.6%
558Luke Skywalker
98.4%
611Han Solo
97.6%
317Leia Organa
96.7%
592Obi-Wan Kenobi
94.7%
199Yoda
92.8%
460C-3PO
92.5%
263*R2-D2
91.8%
429*Chewbacca
88.5%
268Emperor Palpatine
88.2%
395Padmé Amidala
82.8%
400Rey
78.9%
119Lando Calrissian
75.9%
104Jar Jar Binks
75.2%
436Finn
74.8%
91Mace Windu
74.2%
30Jabba the Hutt
74.1%
213Qui-Gon Jinn
73.3%
136Kylo Ren
70%
379Poe Dameron
60.5%
35Count Dooku
58.9%
120*BB-8
52.7%
32Owen Lars
48.9%
28Wilhuff Tarkin
47.9%
23Admiral Ackbar
47.2%
Lines Character % Correct
27General Grievous
45.3%
35Snoke
43.2%
45Bail Organa
42.1%
88Rose Tico
40.2%
37Shmi Skywalker-Lars
37.6%
35Wedge Antilles
36.7%
41Watto
34.5%
68General Armitage Hux
33%
18Captain Phasma
28.6%
27Maz Kanata
27.7%
48Nute Gunray
25.8%
17Biggs Darklighter
24.8%
17Boss Nass
23.8%
21*Wicket W. Warrick
23%
19Vice Admiral Holdo
22%
39Quarsh Panaka
17.3%
25DJ
14.9%
30Zorii Bliss
14.6%
17General Enric Pryde
13.6%
31Firmus Piett
13.2%
33Jannah
12.3%
17Sio Bibble
11.6%
35Garven Dreis (Red Leader)
9.8%
19Lama Su
6%
17Fode/Beed
3.4%

You're not logged in!

Compare scores with friends on all Sporcle quizzes.
OR
Log In

Sporcle TV

Today on Sporcle TV


Watch our educational content, quiz creation guides, and fun videos on Sporcle TV.

Show Comments

Extras

Top Quizzes Today


Score Distribution

Paid Content

Your Account Isn't Verified!

In order to create a playlist on Sporcle, you need to verify the email address you used during registration. Go to your Sporcle Settings to finish the process.

Report this User

Report this user for behavior that violates our Community Guidelines.

Details: